Sports Quiz

Random Sports Quiz

MLB Best Infielders, 1961-2011 Quiz Stats

 Plays Quiz not verified by Sporcle

Score 0/204 Timer 10:00
0 Plays Today
Position Player % Correct
ShortstopDerek Jeter
94.7%
ShortstopDerek Jeter
94.7%
ShortstopDerek Jeter
94.7%
Third BaseAlex Rodriguez
94.5%
Third BaseAlex Rodriguez
94.5%
Third BaseAlex Rodriguez
94.5%
Third BaseAlex Rodriguez
94.5%
Third BaseAlex Rodriguez
94.5%
ShortstopAlex Rodriguez
94.5%
ShortstopAlex Rodriguez
94.5%
ShortstopAlex Rodriguez
94.5%
ShortstopAlex Rodriguez
94.5%
ShortstopAlex Rodriguez
94.5%
First BaseAlbert Pujols
90.4%
First BaseAlbert Pujols
90.4%
First BaseAlbert Pujols
90.4%
First BaseAlbert Pujols
90.4%
First BaseAlbert Pujols
90.4%
Third BaseMike Schmidt
90%
Third BaseMike Schmidt
90%
Third BaseMike Schmidt
90%
Third BaseMike Schmidt
90%
Third BaseMike Schmidt
90%
Third BaseMike Schmidt
90%
Third BaseMike Schmidt
90%
Third BaseMike Schmidt
90%
Third BaseMike Schmidt
90%
Third BaseMike Schmidt
90%
ShortstopCal Ripken, Jr.
87.4%
ShortstopCal Ripken, Jr.
87.4%
ShortstopCal Ripken, Jr.
87.4%
ShortstopCal Ripken, Jr.
87.4%
ShortstopCal Ripken, Jr.
87.4%
ShortstopCal Ripken, Jr.
87.4%
ShortstopCal Ripken, Jr.
87.4%
ShortstopCal Ripken, Jr.
87.4%
ShortstopCal Ripken, Jr.
87.4%
Second BaseJoe Morgan
83.9%
Second BaseJoe Morgan
83.9%
Second BaseJoe Morgan
83.9%
Second BaseJoe Morgan
83.9%
Second BaseJoe Morgan
83.9%
Second BaseJoe Morgan
83.9%
Second BaseJoe Morgan
83.9%
Second BaseJoe Morgan
83.9%
Second BaseJoe Morgan
83.9%
Second BaseJoe Morgan
83.9%
Second BaseJoe Morgan
83.9%
ShortstopOzzie Smith
83.9%
Second BaseRyne Sandberg
74.2%
Second BaseRyne Sandberg
74.2%
Second BaseRyne Sandberg
74.2%
Second BaseRyne Sandberg
74.2%
Second BaseRyne Sandberg
74.2%
Second BaseRyne Sandberg
74.2%
Second BaseRyne Sandberg
74.2%
Third BaseChipper Jones
72.8%
Third BaseChipper Jones
72.8%
Third BaseChipper Jones
72.8%
Third BaseChipper Jones
72.8%
First BaseFrank Thomas
72.4%
First BaseFrank Thomas
72.4%
First BaseFrank Thomas
72.4%
Second BaseRoberto Alomar
71%
Second BaseChase Utley
70.9%
Second BaseChase Utley
70.9%
Second BaseChase Utley
70.9%
Second BaseChase Utley
70.9%
Position Player % Correct
Second BaseChase Utley
70.9%
Second BasePete Rose
70.5%
Third BaseWade Boggs
70%
Third BaseWade Boggs
70%
Third BaseWade Boggs
70%
Third BaseWade Boggs
70%
Third BaseWade Boggs
70%
Third BaseWade Boggs
70%
Third BaseWade Boggs
70%
Third BaseWade Boggs
70%
First BaseJeff Bagwell
68.8%
First BaseJeff Bagwell
68.8%
First BaseJeff Bagwell
68.8%
First BaseJeff Bagwell
68.8%
First BaseJeff Bagwell
68.8%
First BaseJeff Bagwell
68.8%
First BaseDon Mattingly
66.4%
First BaseDon Mattingly
66.4%
Second BaseCraig Biggio
65.3%
Second BaseCraig Biggio
65.3%
Second BaseCraig Biggio
65.3%
Second BaseCraig Biggio
65.3%
Second BaseCraig Biggio
65.3%
ShortstopRobin Yount
64.4%
ShortstopRobin Yount
64.4%
ShortstopRobin Yount
64.4%
ShortstopRobin Yount
64.4%
ShortstopRobin Yount
64.4%
ShortstopErnie Banks
62.4%
ShortstopErnie Banks
62.4%
First BaseWillie McCovey
61.9%
First BaseWillie McCovey
61.9%
First BaseWillie McCovey
61.9%
First BaseWillie McCovey
61.9%
First BaseWillie McCovey
61.9%
First BaseWillie McCovey
61.9%
ShortstopBarry Larkin
61.8%
ShortstopBarry Larkin
61.8%
ShortstopBarry Larkin
61.8%
Second BaseJeff Kent
61.5%
Second BaseJeff Kent
61.5%
Second BaseJeff Kent
61.5%
Second BaseJeff Kent
61.5%
Second BaseJeff Kent
61.5%
ShortstopHanley Ramirez
61.2%
ShortstopHanley Ramirez
61.2%
Third BaseScott Rolen
59.8%
Third BaseScott Rolen
59.8%
Third BaseScott Rolen
59.8%
Third BaseScott Rolen
59.8%
First BaseKeith Hernandez
59.4%
First BaseKeith Hernandez
59.4%
First BaseKeith Hernandez
59.4%
First BaseKeith Hernandez
59.4%
ShortstopAlan Trammell
59.1%
First BaseTodd Helton
58.8%
First BaseTodd Helton
58.8%
First BaseTodd Helton
58.8%
First BaseTodd Helton
58.8%
Third BaseMatt Williams
58.5%
ShortstopMiguel Tejada
58.2%
ShortstopMiguel Tejada
58.2%
Third BaseRon Santo
57.1%
Third BaseRon Santo
57.1%
Third BaseRon Santo
57.1%
Third BaseRon Santo
57.1%
Third BaseRon Santo
57.1%
Third BaseRon Santo
57.1%
Position Player % Correct
ShortstopDave Concepcion
56.1%
ShortstopDave Concepcion
56.1%
Second BaseLou Whitaker
55.7%
Second BaseLou Whitaker
55.7%
Second BaseLou Whitaker
55.7%
Second BaseLou Whitaker
55.7%
First BaseEddie Murray
55.6%
First BaseEddie Murray
55.6%
First BaseEddie Murray
55.6%
First BaseTony Perez
55.3%
First BaseWill Clark
54.8%
First BaseWill Clark
54.8%
First BaseWill Clark
54.8%
First BaseRod Carew
52.8%
First BaseRod Carew
52.8%
First BaseSteve Garvey
51.1%
First BaseSteve Garvey
51.1%
First BaseJason Giambi
51.1%
Third BaseEddie Mathews
50.8%
Third BaseEddie Mathews
50.8%
Third BaseEddie Mathews
50.8%
Third BaseEddie Mathews
50.8%
Third BaseEddie Mathews
50.8%
Second BaseWillie Randolph
43.6%
Second BaseWillie Randolph
43.6%
First BaseBill White
40.8%
First BaseBill White
40.8%
Second BaseNellie Fox
38.8%
Second BaseNellie Fox
38.8%
Second BaseNellie Fox
38.8%
First BaseOrlando Cepeda
38.6%
Second BaseBill Mazeroski
38.5%
Second BaseBill Mazeroski
38.5%
Second BaseBill Mazeroski
38.5%
Second BaseBobby Grich
37%
Second BaseBobby Grich
37%
Second BaseChuck Knoblauch
34.9%
Third BaseKen Caminiti
34.5%
Third BaseRobin Ventura
33.9%
Third BaseRobin Ventura
33.9%
Third BaseRobin Ventura
33.9%
ShortstopBert Campaneris
33.6%
ShortstopBert Campaneris
33.6%
ShortstopBert Campaneris
33.6%
ShortstopBert Campaneris
33.6%
ShortstopBert Campaneris
33.6%
ShortstopBert Campaneris
33.6%
First BaseNorm Cash
33.2%
First BaseNorm Cash
33.2%
First BaseNorm Cash
33.2%
Third BaseSal Bando
30.7%
Third BaseSal Bando
30.7%
Third BaseSal Bando
30.7%
Third BaseSal Bando
30.7%
ShortstopMaury Wills
30.3%
ShortstopDick Groat
22.1%
ShortstopDick Groat
22.1%
ShortstopRico Petrocelli
21.9%
ShortstopJim Fregosi
20.6%
ShortstopJim Fregosi
20.6%
ShortstopJim Fregosi
20.6%
ShortstopJim Fregosi
20.6%
ShortstopJim Fregosi
20.6%
First BaseGeorge Scott
20%
First BaseGeorge Scott
20%
ShortstopJohn Valentin
17.3%
First BaseBill Skowron
16.1%
Second BaseDick McAuliffe
10.2%

You're not logged in!

Compare scores with friends on all Sporcle quizzes.
OR
Log In

Show Comments

Extras

Top Quizzes Today


Score Distribution

Your Account Isn't Verified!

In order to create a playlist on Sporcle, you need to verify the email address you used during registration. Go to your Sporcle Settings to finish the process.

Report this User

Report this user for behavior that violates our Community Guidelines.

Details: